| 000 | 00000nam##2200000za#4500 |
| 001 | 9.581067 |
| 003 | CaOODSP |
| 005 | 20210624191336 |
| 007 | cr ||||||||||| |
| 008 | 150406|2003||||xxc|||||o f|0| 0 eng|d |
| 040 | |aCaOODSP|beng |
| 043 | |an-cn--- |
| 086 | 1 |aNH18-22/103-111E-PDF |
| 110 | 2 |aCanada Mortgage and Housing Corporation. |
| 245 | 10|aComparison of modeled and monitored performance of a wall insulation retrofit in a solid masonry building |h[electronic resource] |
| 260 | |aOttawa - Ontario : |bCanada Mortgage and Housing Corporation |cc2003, 2006. |
| 300 | |a4p.|bfigs. |
| 490 | 1 |aResearch highlight. Technical series |v03-111 |
| 500 | |aFile reproduced from original print. |
| 590 | |a14-19-Supp|b2014-11-03 |
| 775 | 08|tComparaison du rendement modélisé et du rendement mesuré d'éléments d'isolation murale installés après coup dans un bâtiment en maçonnerie pleine |w(CaOODSP)9.607931 |
| 776 | 0#|tComparison of modeled and monitored performance of a wall insulation retrofit in a solid masonry building |w(CaOODSP)9.616516 |
| 830 | #0|aResearch highlight. Technical series ;|v03-111|w(CaOODSP)9.504482 |
| 856 | 40|ahttp://publications.gc.ca|qPDF|s241 KB|uhttps://publications.gc.ca/collections/collection_2014/schl-cmhc/NH18-22-103-111-eng.pdf|y03-111 |